[Event "Budapest FS02 IM"]
[Site "Budapest"]
[Date "1998.02.10"]
[Round "4"]
[White "Antal, Sebestyen Jr"]
[Black "Karatorossian, David"]
[Result "0-1"]
[WhiteElo "2330"]
[BlackElo "2375"]
[PlyCount "68"]
[EventDate "1998.02.07"]
[EventType "tourn"]
[EventRounds "13"]
[EventCountry "HUN"]
[EventCategory "2"]
[SourceTitle "CBM 062 Extra"]
[Source "ChessBase"]
[SourceDate "1998.03.09"]
[SourceVersion "1"]
[SourceVersionDate "1998.03.09"]
[SourceQuality "1"]

1. e4 e6 2. d4 d5 3. Nc3 Bb4 4. e5 b6 5. Qg4 Bf8 6. Nh3 f5 7. Qg3 Qd7 8. a4 Ba6 9. Bxa6 Nxa6 10. Ne2 Nb4 11. Qb3 c5 12. 0-0 c4 13. Qc3 h6 14. b3 Rc8 15. Nhf4 Qf7 16. a5 b5 17. bxc4 Rxc4 18. Qb3 a6 19. c3 g5 20. Nxe6 Qxe6 21. cxb4 Bxb4 22. Qh3 Qg6 23. Ba3 Bxa3 24. Qxa3 Rh7 25. Qd3 Rcc7 26. Rac1 Ne7 27. Rc4 Rxc4 28. f4 g4 29. Rc1 Qc6 30. Ra1 Rc2 31. Kf2 Qc4 32. Ra3 b4 33. Rb3 Nc6 34. Ke1 Rxe2+ 0-1

[Event "HUN-chT2 9798"]
[Site "Hungary"]
[Date "1998.??.??"]
[Round "?"]
[White "Antal, Sebestyen Jr"]
[Black "Lehmann, Zoltan"]
[Result "1/2-1/2"]
[WhiteElo "2320"]
[BlackElo "2280"]
[PlyCount "81"]
[EventDate "1997.??.??"]
[EventType "team"]
[EventRounds "11"]
[EventCountry "HUN"]
[SourceTitle "EXT 1999"]
[Source "ChessBase"]
[SourceDate "1998.11.16"]
[SourceVersion "1"]
[SourceVersionDate "1998.11.16"]
[SourceQuality "1"]

1. e4 e5 2. Nf3 Nc6 3. Bc4 Nf6 4. d3 h6 5. 0-0 g6 6. c3 d6 7. b4 a6 8. Re1 Bg7 9. h3 0-0 10. Bb3 Kh7 11. Nbd2 Nh5 12. Nf1 Be6 13. g4 Bxb3 14. Qxb3 Qf6 15. Kg2 Nf4+ 16. Bxf4 Qxf4 17. Ng3 Qf6 18. a4 Nd8 19. b5 Ne6 20. Ne2 Nf4+ 21. Nxf4 Qxf4 22. Qc4 h5 23. Nh2 f5 24. exf5 Qxc4 25. fxg6+ Kxg6 26. dxc4 Rf4 27. c5 dxc5 28. gxh5+ Kxh5 29. Ng4 e4 30. Rac1 axb5 31. axb5 Ra2 32. Red1 Rxg4+ 33. hxg4+ Kxg4 34. Rd5 e3 35. Rxc5 Rxf2+ 36. Kg1 Kf3 37. Rf5+ Ke2 38. Rc2+ Kd3 39. Rcxf2 exf2+ 40. Kxf2 Bxc3 41. Kf3 1/2-1/2

[Event "HUN-chT2 9899"]
[Site "Hungary"]
[Date "1998.??.??"]
[Round "?"]
[White "Banhazi, Istvan"]
[Black "Antal, Sebestyen Jr"]
[Result "1/2-1/2"]
[WhiteElo "2170"]
[BlackElo "2330"]
[PlyCount "66"]
[EventDate "1998.??.??"]
[EventType "team"]
[EventRounds "12"]
[EventCountry "HUN"]
[SourceTitle "EXT 2000"]
[Source "ChessBase"]
[SourceDate "1999.11.16"]
[SourceVersion "1"]
[SourceVersionDate "1999.11.16"]
[SourceQuality "1"]

1. d4 Nf6 2. c4 g6 3. Nc3 Bg7 4. e4 0-0 5. Bd3 d6 6. Nge2 e5 7. d5 c6 8. 0-0 Na6 9. a3 Nc5 10. Bc2 a5 11. Rb1 a4 12. Bg5 cxd5 13. Nxd5 h6 14. Nxf6+ Bxf6 15. Bxh6 Re8 16. Be3 Be6 17. Bxc5 dxc5 18. Bd3 Bg5 19. Qc2 b5 20. b4 Be7 21. bxc5 Bxc5 22. cxb5 Rc8 23. Qd1 Bxa3 24. b6 Bc5 25. b7 Rb8 26. Bb5 Qxd1 27. Rfxd1 Re7 28. Bxa4 Rexb7 29. Bc2 Rb2 30. Rxb2 Rxb2 31. Bd3 Bb3 32. Rf1 Rd2 33. Ba6 Ra2 1/2-1/2

[Event "HUN-chT2 9798"]
[Site "Hungary"]
[Date "1998.??.??"]
[Round "?"]
[White "Konig, Balazs"]
[Black "Antal, Sebestyen Jr"]
[Result "1-0"]
[WhiteElo "2135"]
[BlackElo "2320"]
[PlyCount "67"]
[EventDate "1997.??.??"]
[EventType "team"]
[EventRounds "11"]
[EventCountry "HUN"]
[SourceTitle "EXT 1999"]
[Source "ChessBase"]
[SourceDate "1998.11.16"]
[SourceVersion "1"]
[SourceVersionDate "1998.11.16"]
[SourceQuality "1"]

1. Nf3 Nf6 2. g3 b5 3. Bg2 Bb7 4. 0-0 c5 5. c3 e6 6. d4 Be7 7. dxc5 Bxc5 8. Nbd2 0-0 9. Nb3 Be7 10. Be3 d6 11. Nbd4 Nd5 12. Qd3 Nxe3 13. Qxe3 Qd7 14. Rfd1 Na6 15. Nb3 b4 16. Na5 bxc3 17. Qxc3 Rac8 18. Qd2 Bd5 19. Rac1 Nc5 20. b3 Bf6 21. Nd4 Bxg2 22. Kxg2 d5 23. f3 h6 24. Ndc6 Nb7 25. Nxa7 Rxc1 26. Rxc1 Bg5 27. f4 Nxa5 28. Qxa5 Ra8 29. Qc7 Qxc7 30. Rxc7 Bd8 31. Rb7 Kf8 32. a4 Bf6 33. Nb5 Rc8 34. a5 1-0